01821nam a2200289 i 4500003000900000005001700009006001900026007000300045008004100048040003000089082001400119100004400133245008000177246003100257264003500288300004400323336002700367337003300394338002800427500022000455505062900675590002701304700003701331942001401368952013201382999001701514DO-SdBNP20230918134346.0a||||dr|||| 00| 0 ta230914e1976 dr a|||| |||| 00| m spa d aDO-SdBNPbspacBNPHUerda 4222bT266e1 aTejada Castillo, Ramón,937580eautor10aEspañol:b2.° cursocRamón Tejada Castillo; ilustraciones, C. Corrindo11aEspañol:bsegundo curso. 1aSanto Domingo :bDisesa,c1976 a161 páginas :bIlustraciones ;c23 cm 2rdacontentatextobtxt 2rdamediaasin mediaciónbn 2rdacarrieravolumenbnc aDe conformidad con los contenidos del Programa de Segundo Curso, Plan de Reforma de 1970, y Segundo Curso, Plan Experimental de Intermedia de 1970, de la Secretaría de Estado de Educación, Bellas Artes y Cultos.0 aGramática.tI. El idioma español.-- II. Es vulgar.-- III. Palabras compuestas, los prefijos y sufijos.-- IV. Vocales y consonantes.-- V. Sílaba, diptongo y triptongo.-- VI. La tilde o acento ortográfico.-- VII. Entonación y pausa.-- VIII. Sustantivo y sustantivación.-- IX. El adjetivo y el artículo.-- X. El pronombre.-- XI. El verbo.-- XII. Accidentes gramaticales del verbo.-- XIII. Los complementos del verbo.-- XIV. El adverbio.-- tXV. Preposición, conjunción e interpretación.-- XVI. La oración gramatical.-- XVII.- Sujeto y predicado.-- XIX. El lenguaje expresivo.-- XX. El verso y la estrofa. aInventariado 2023 / MF1 aCorrindo, C.,eilustrador984140 2ddccLBS1 00102ddc51708PDaBNPHUbBNPHUcCTd2014-10-14eDonado por Barbara Suncarl0oT266ep2023-5916r2023-09-14w2023-09-14yLBS1 c54764d54764